000 00534nam a2200181Ia 4500
003 IN-BaIIA
008 211028s9999 xx 000 0 eng d
020 _a0-12-705900-8
040 _cIIA Library
080 _a535
_bTYS
100 _aTyson, Robert K
_917742
245 0 _aPrinciples of adaptive optics
_cRobert K Tyson
260 _aBoston
_bAcademic Press
_c1991
300 _axii, 298p.
650 _aAdaptive optics
650 _aAstronomy and astrophysics thesaurus
942 _cBK
999 _c11138
_d11138